Front row
| Format: | Book |
|---|---|
| Published: |
Illinois :
The Riverside Publishing ,
1989
|
| Subjects: |
MARC
| LEADER | 00000cam a2200000 7i4500 | ||
|---|---|---|---|
| 001 | 0000004703 | ||
| 002 | 000005072 | ||
| 005 | 20000330.0 | ||
| 020 | |a 0829274243 | ||
| 090 | 0 | 0 | |a 420 |b FRO |
| 245 | 0 | 0 | |a Front row |c Leo Fay |
| 260 | |a Illinois : |b The Riverside Publishing , |c 1989 | ||
| 300 | |a 319p. ; |c 23cm. | ||
| 650 | 0 | 0 | |a English language |x Study and teaching |
| 999 | |a 037467 |b BUKU |c JUNIOR BOOKS |e PERPUSTAKAAN KOMUNITI PETALING JAYA | ||